Statystyki dla Wymień wszystkich sąsiadów Polski! bez mapy

Kliknij tutaj aby rozwiązać quiz!

Ogólne statystyki

  • Ten quiz został rozwiązany 52 razy
  • Średni wynik to 7 z 7

Statystyki odpowiedzi

Kraje% Poprawnych
niemcy
100%
Rosja
100%
Ukraina
98%
Białoruś
96%
Czechy
96%
Litwa
96%
Słowacja
93%

Rozkład punktacji

Percentyl według liczby udzielonych odpowiedzi

Procent ludzi z każdym wynikiem

Twoja historia wyników

Nie rozwiązałeś tego quizu